All dressed up : (Record no. 33409)
[ view plain ]
| 000 -LEADER | |
|---|---|
| fixed length control field | 00706nam a22002777a 4500 |
| 003 - CONTROL NUMBER IDENTIFIER | |
| control field | OSt |
| 005 - DATE AND TIME OF LATEST TRANSACTION | |
| control field | 20140310184256.0 |
| 008 - FIXED-LENGTH DATA ELEMENTS--GENERAL INFORMATION | |
| fixed length control field | 121108t xxu||||| |||| 00| 0 eng d |
| 020 ## - INTERNATIONAL STANDARD BOOK NUMBER | |
| International Standard Book Number | 9780439738583 |
| 050 ## - LIBRARY OF CONGRESS CALL NUMBER | |
| Classification number | TT 507 |
| Item number | .V181 2006 |
| 100 ## - MAIN ENTRY--PERSONAL NAME | |
| Personal name | Valle, Elsie |
| 9 (RLIN) | 22878 |
| 245 ## - TITLE STATEMENT | |
| Title | All dressed up : |
| Remainder of title | fashions form the past / |
| Statement of responsibility, etc | Elsie Valle. |
| 260 ## - PUBLICATION, DISTRIBUTION, ETC. (IMPRINT) | |
| Place of publication, distribution, etc | New York : |
| Name of publisher, distributor, etc | Scholastic Inc., |
| Date of publication, distribution, etc | 2006. |
| 300 ## - PHYSICAL DESCRIPTION | |
| Dimensions | 23 cm. |
| Extent | 16 p. : |
| Other physical details | ill. ; |
| 521 ## - TARGET AUDIENCE NOTE | |
| Target audience note | |
| 526 ## - STUDY PROGRAM INFORMATION NOTE | |
| Reading level | 390 |
| 650 ## - SUBJECT ADDED ENTRY--TOPICAL TERM | |
| Topical term or geographic name as entry element | Fashion |
| Form subdivision | Fashion design |
| 9 (RLIN) | 22879 |
| 942 ## - ADDED ENTRY ELEMENTS (KOHA) | |
| Source of classification or shelving scheme | Library of Congress Classification |
| Koha item type | |
| Withdrawn status | Lost status | Source of classification or shelving scheme | Damaged status | Home library | Current library | Shelving location | Date acquired | Total Checkouts | Full call number | Barcode | Date last seen | Copy number | Price effective from | Koha item type | Total Renewals | Date checked out |
|---|---|---|---|---|---|---|---|---|---|---|---|---|---|---|---|---|
| Library of Congress Classification | Luxembourg Library | Luxembourg Library | Scholastic Reading Center Section | 10/02/2013 | TT 507 .V181 2006 | LEX1624 | 04/18/2017 | 1 | 10/02/2013 | Books | ||||||
| Library of Congress Classification | Luxembourg Library | Luxembourg Library | Scholastic Reading Center Section | 10/03/2013 | TT 507 .V181 2006 | LEX0172 | 04/18/2017 | 1 | 10/03/2013 | Books | ||||||
| Library of Congress Classification | Luxembourg Library | Luxembourg Library | Scholastic Reading Center Section | 10/03/2013 | 2 | TT 507 .V181 2006 | LEX0173 | 04/18/2017 | 2 | 10/03/2013 | Books | 7 | 07/01/2016 | |||
| Library of Congress Classification | Luxembourg Library | Luxembourg Library | Scholastic Reading Center Section | 10/03/2013 | TT 507 .V181 2006 | LEX0940 | 04/18/2017 | 3 | 10/03/2013 | Books | ||||||
| Library of Congress Classification | Luxembourg Library | Luxembourg Library | Scholastic Reading Center Section | 10/03/2013 | TT 507 .V181 2006 | LEX1623 | 04/18/2017 | 4 | 10/03/2013 | Books | ||||||
| Library of Congress Classification | Luxembourg Library | Luxembourg Library | Scholastic Reading Center Section | 10/17/2013 | TT 507 .V181 2006 | SCHO0225 | 04/18/2017 | 5 | 10/17/2013 | Books | ||||||
| Library of Congress Classification | Luxembourg Library | Luxembourg Library | Scholastic Reading Center Section | 11/13/2013 | TT 507 .V181 2006 | LEX3137 | 04/18/2017 | 6 | 11/13/2013 | Books | ||||||
| Library of Congress Classification | Luxembourg Library | Luxembourg Library | Scholastic Reading Center Section | 11/13/2013 | TT 507 .V181 2006 | LEX3138 | 04/18/2017 | 7 | 11/13/2013 | Books |